Relaciones económicas entre Costa Rica y China en el contexto de la crisis económica /

Đã lưu trong:
Chi tiết về thư mục
Tác giả chính: Lizano, Eduardo
Định dạng: Texto
Các nhãn: Thêm thẻ
Không có thẻ, Là người đầu tiên thẻ bản ghi này!

MARC

LEADER 00000 a a2200000 04500
001 44730
003
040
100 |a Lizano, Eduardo  
245 |a Relaciones económicas entre Costa Rica y China en el contexto de la crisis económica /  |c Eduardo Lizano  
773 |g páginas 45-52  
999 |c 40159  |d 40159